Normal view
MARC view
- Wolf, Aline D.
Entry Nombre Personal
001 - NUMERO DE CONTROL
- campo de control: 53405
003 - IDENTIFICADOR DE NUMERO DE CONTROL
- campo de control: DLC
005 - FECHA Y HORA DE LA ÜLTIMA TRANSACCIÓN
- campo de control: 20240903154033.0
008 - DATOS DE LONGITUD FIJA
- campo de control de longitud fija: 240903|| aca||aabn | aaa d
010 ## - NÚMERO DE CONTROL DE LA BIBLIOTECA DEL CONGRESO
- Número de control LC: n 81094133
035 ## - NUMERO DE CONTROL
- Número de control: (DLC)n 81094133
040 ## - FUENTE DE CATALOGACIÓN
- Agencia original de catalogación: DLC
- Lenguaje de catalogación: spa
- Agencia de transcripción: DLC
- Agencia que lo modifica: MX-MxUPN
100 1# - ENCABEZAMIENTO - NOMBRE PERSONAL
- Nombre personal: Wolf, Aline D.
670 ## - FUENTE EN LA QUE SE LOCALIZARON DATOS
- Cita de la fuente: Autoridades LC, 03 agosto 2024 :
- Información localizada: (Wolf, Aline D.)
- Uniform Resource Identifier: https://lccn.loc.gov/n81094133
902 ## - CATALOGADOR
- Catalogador: MaríaRobles/030924
